|
|
|
|
| LEADER |
00000nam0a2200000 4500 |
| 001 |
310438 |
| 005 |
20231102002304.0 |
| 035 |
|
|
|a (RuTPU)RU\TPU\book\335788
|
| 035 |
|
|
|a RU\TPU\book\316992
|
| 090 |
|
|
|a 310438
|
| 100 |
|
|
|a 20151125d1981 km y0rusy5003 ca
|
| 101 |
0 |
|
|a rus
|
| 102 |
|
|
|a UA
|
| 105 |
|
|
|a y z 001zy
|
| 200 |
1 |
|
|a Анализ организационно-технического уровня объединения
|f под ред. А. Л. Степанюка
|
| 210 |
|
|
|a Киев
|c Технiка
|d 1981
|
| 215 |
|
|
|a 166 с.
|d 21 см
|
| 320 |
|
|
|a Библиогр.: с. 164
|
| 606 |
1 |
|
|a Промышленные объединения
|x Анализ хозяйственной деятельности
|2 stltpush
|3 (RuTPU)RU\TPU\subj\52522
|9 70934
|
| 610 |
1 |
|
|a организационно-технический уровень
|
| 610 |
1 |
|
|a предприятия
|
| 610 |
1 |
|
|a производство
|
| 610 |
1 |
|
|a техническое развитие
|
| 610 |
1 |
|
|a технология
|
| 610 |
1 |
|
|a продукция
|
| 610 |
1 |
|
|a качество
|
| 610 |
1 |
|
|a управление
|
| 610 |
1 |
|
|a эффективность
|
| 675 |
|
|
|a 658.016.4
|z rus
|v 3
|
| 702 |
|
1 |
|a Степанюк
|b А. Л.
|g Андрей Лаврентьевич
|4 340
|
| 801 |
|
0 |
|a RU
|b RuMRKP
|c 19950704
|g psbo
|
| 801 |
|
1 |
|a RU
|b 63413507
|c 20150422
|
| 801 |
|
2 |
|a RU
|b 63413507
|c 20160705
|g RCR
|
| 942 |
|
|
|c BK
|